Étude sur la Vie de Jésus de Ernest Renan / (Record no. 161496)

MARC details
000 -LEADER
campo de control de longitud fija 00880nam a22002295i 4500
001 - NÚMERO DE CONTROL
campo de control 161496
003 - IDENTIFICADOR DE NÚMERO DE CONTROL
campo de control ES-MaACL
005 - FECHA Y HORA DE LA ÚLTIMA TRANSACCIÓN
campo de control 20250817210110.0
008 - DATOS DE LONGITUD FIJA--INFORMACIÓN GENERAL
campo de control de longitud fija 041022s1864 fr |||| | fre d
080 ## - NÚMERO DE LA CLASIFICACIÓN DECIMAL UNIVERSAL
Número de la Clasificación Decimal Universal 930 Renan, Ernest. Vie de Jésus
080 ## - NÚMERO DE LA CLASIFICACIÓN DECIMAL UNIVERSAL
Número de la Clasificación Decimal Universal 27-312
100 1# - ENTRADA PRINCIPAL--NOMBRE DE PERSONA
Nombre de persona Passaglia, Carlo (
Fechas asociadas al nombre 1812-1887)
9 (RLIN) 130881
245 10 - MENCIÓN DEL TÍTULO
Título Étude sur la Vie de Jésus de Ernest Renan /
Mención de responsabilidad, etc. par Le P. Charles Passaglia; traduite par François Sampieri.
250 ## - MENCION DE EDICION
Mención de edición 2e ed.
260 ## - PUBLICACIÓN, DISTRIBUCIÓN, ETC.
Lugar de publicación, distribución, etc. Paris :
Nombre del editor, distribuidor, etc. E. Dentu,
Fecha de publicación, distribución, etc. 1864 (
Fabricante Imp. de L. Tinterlien et Cie.)
300 ## - DESCRIPCIÓN FÍSICA
Extensión 322 p. ;
Dimensiones 22 cm.
600 17 - PUNTO DE ACCESO ADICIONAL DE MATERIA--NOMBRE DE PERSONA
Nombre de persona Renan, Ernest,
Fechas asociadas al nombre 1823-1892.
Título de la obra Vie de Jésus
Fuente del encabezamiento o término
9 (RLIN) 148408
600 04 - PUNTO DE ACCESO ADICIONAL DE MATERIA--NOMBRE DE PERSONA
Nombre de persona Jesucristo-
Subdivisión general Biografías.
9 (RLIN) 140032
700 1# - ENTRADA AGREGADA--NOMBRE PERSONAL
Nombre de persona Sampieri, François.
9 (RLIN) 132362
852 4# - LOCALIZACIÓN
Ubicación ES-MaACL
Número de control de estantería T-86-F-3
Nota libre - Enc. hol., falto de cub. original
-- - Enc. en un vol. facticio
Holdings
Estatus retirado Estado de pérdida Estado de daño No para préstamo Colección Biblioteca de origen Biblioteca actual Ubicación en estantería Fecha de adquisición Total de préstamos Signatura topográfica completa Código de barras Visto por última vez Precio de reemplazo Tipo de ítem Koha
        Colección de folletos Biblioteca del Ateneo de Madrid Biblioteca del Ateneo de Madrid Depósito folletos 17/01/2008   T-86-F-3 1169163 23/02/2023 23/02/2023 Folleto